000 nam a22 7a 4500
999 _c150872
_d150870
005 20190903114800.0
008 190903b sp ||||| |||| 00| 0 spa d
020 _a8481551015
050 0 4 _aKKT3127
_bE83 1995
100 1 _aEscobar Roca, Guillermo.
245 1 3 _aLa ordenación constitucional del medio ambiente
_c/ Guillermo Escobar Roca.
250 _a1a ed.
260 _aMadrid, España :
_bDykinson,
_c1995.
300 _a213 p. ;
_c24 cm.
504 _aBibliografía : p. 199-213.
650 7 _2lemb
_aDerecho ambiental
_zEspaña
942 _2lcc
_cLIB